banner koha

Quantitative and qualitative responses of Euphorbia milii and Zamioculcas zamiifolia exposed to different levels of salinity and luminosity (Registro n. 298327)

MARC details
000 -LÍDER
fixed length control field 04824nab a2200361 i 4500
003 - CÓDIGO MARC DA AGÊNCIA CATALOGADORA
Campo de controle BR-BrBNA
005 - DATA E HORA DA ÚLTIMA ATUALIZAÇÃO
Campo de controle 20240115154339.0
008 - CAMPO DE TAMANHO FIXO
fixed length control field 240115b2022 bl.ar|pooa||| 00| 0 eng |
040 ## - FONTE DA CATALOGAÇÃO
Agência catalogadora BR-BrBNA
Idioma da catalogação eng
072 ## - CATEGORIA AGRIS
Código AGRIS F01
Código do objeto 3300
072 ## - CATEGORIA AGRIS
Código AGRIS H50
100 ## - ENTRADA PRINCIPAL - NOME PESSOAL
Nome pessoal Santos, José Wilson Gomes dos
100 ## - ENTRADA PRINCIPAL - NOME PESSOAL
Nome pessoal Lacerda, Claudivan Feitosa de
100 ## - ENTRADA PRINCIPAL - NOME PESSOAL
Nome pessoal Oliveira, Adriana Cruz de
100 ## - ENTRADA PRINCIPAL - NOME PESSOAL
Nome pessoal Mesquita, Rosilene Oliveira
100 ## - ENTRADA PRINCIPAL - NOME PESSOAL
Nome pessoal Bezerra, Antônio Marcos Esmeraldo
100 ## - ENTRADA PRINCIPAL - NOME PESSOAL
Nome pessoal Marques, Edilaine da Silva
100 ## - ENTRADA PRINCIPAL - NOME PESSOAL
Nome pessoal Neves, Antonia Leila Rocha
245 ## - TÍTULO PRINCIPAL
Título principal Quantitative and qualitative responses of Euphorbia milii and Zamioculcas zamiifolia exposed to different levels of salinity and luminosity
500 ## - NOTA GERAL
Nota geral <br/>Publicação online; 35 ref.; 5 tables; 4 illus; Summaries (En, Pt)
942 ## - ADDED ENTRY ELEMENTS (KOHA)
Koha item type
520 ## - NOTA DE RESUMO
Nota de conteúdo <br/><br/>ABSTRACT - The Brazilian Northeast region has favorable climatic conditions for the development of fl oriculture; however, water<br/>scarcity and salinization of part of its water sources act as an obstacle to this activity. In this context, the objective was to test the effects<br/>of increasing levels of salinity in irrigation water on the quantitative and qualitative responses of ornamental species Euphorbia milii and<br/>Zamioculcas zamiifolia, under different light conditions. The study was carried out using an experimental design in randomized blocks, in<br/>a split-split-plot scheme, with fi ve replications. The plants were grown in 7 L pots, undergoing an initial period of acclimatization for 15<br/>days with non-saline water so that their establishment would not be compromised; after this period, the plants were subjected to increasing<br/>levels of salinity in the irrigation water (0.5; 2.0; 3.5; and 5.0 dS m-1) under four light intensities (full sun, 30%, 50% and 70% shading)<br/>for 60 days. The variables analyzed were plant height, stem diameter, belowground and shoot biomass, salinity tolerance and qualitative<br/>analysis. Shading had a greater impact on the qualitative variables of the plants than on the salinity tolerance based on quantitative<br/>variables. The environment with 30% shading is the most favorable for the cultivation of E. milii when using water with low to moderate<br/>salinity. Shading reduces direct radiation damage to Z. zamiifolia leaves and improves the visual quality of this species under high salinity.<br/><br/><br/>Key words: Salt stress. Light intensity. Shading. Ornamental plants
520 ## - NOTA DE RESUMO
Nota de conteúdo <br/><br/>RESUMO - A região Nordeste brasileira apresenta condições climáticas favoráveis ao desenvolvimento da fl oricultura; contudo, a escassez<br/>hídrica e a salinização de parte de suas fontes hídricas atuam como entrave a essa atividade. Nesse contexto, objetivou-se testar os efeitos de<br/>níveis crescentes de salinidade da água de irrigação sobre as respostas quantitativas e qualitativas das espécies ornamentais Euphorbia milii<br/>e Zamioculcas zamiifolia, sob diferentes condições de luminosidade. A pesquisa foi realizada utilizando-se delineamento experimental em<br/>blocos casualizados, em esquema de parcelas subsubdivididas, com cinco repetições. As plantas foram cultivadas em vasos de 7 L, passando<br/>por um período inicial de aclimatação durante 15 dias com água não salina para que o seu estabelecimento não fosse comprometido; após<br/>esse período, as plantas foram submetidas a níveis crescentes de salinidade na água de irrigação (0,5; 2,0; 3,5; e 5,0 dS m-1) sob quatro<br/>intensidades luminosas (pleno sol, 30%, 50% e 70% de sombreamento), durante 60 dias. As variáveis analisadas foram altura da planta,<br/>diâmetro do caule, biomassa da parte subterrânea e das partes aéreas, tolerância à salinidade e análise qualitativa. O sombreamento teve<br/>maior impacto nas variáveis qualitativas das plantas do que na tolerância à salinidade baseada em variáveis quantitativas. O ambiente com<br/>30% de sombreamento é o mais propício para o cultivo da E. milii quando se utiliza água de baixa a moderada salinidade. O sombreamento<br/>reduz os danos diretos da radiação nas folhas de Z. zamiifolia e melhora a qualidade visual dessa espécie sob elevada salinidade.<br/><br/><br/>Palavras-chave: Intensidade de luz. Estresse salino. Sombreamento. Plantas ornamentais.
650 ## - ASSUNTO - THESAGRO
Cabeçalho tópico ou nome geográfico PLANTA ORNAMENTAL
650 ## - ASSUNTO - THESAGRO
Cabeçalho tópico ou nome geográfico CONDIÇÃO AMBIENTAL
650 ## - ASSUNTO - THESAGRO
Cabeçalho tópico ou nome geográfico SALINIDADE
650 ## - ASSUNTO - THESAGRO
Cabeçalho tópico ou nome geográfico IRRIGAÇÃO
650 ## - ASSUNTO - THESAGRO
Cabeçalho tópico ou nome geográfico SOMBREAMENTO
650 ## - ASSUNTO - THESAGRO
Cabeçalho tópico ou nome geográfico FISIOLOGIA VEGETAL
773 0# - ENTRADA ANALÍTICA
Host Biblionumber 4290
Registro do item 275632
Imprenta Fortaleza-CE Universidade Federal do Ceará. Centro de Ciências Agrárias 2002
Outro identificador 2023-437432
Título Revista Ciência Agronômica (Brazil)
ISSN 0045-6888; 1806-6690 (on-line)
Colação v. 53 p. 1-10; (2022)
Número de controle de registro BR2023002240
856 ## - ACESSO E ENDEREÇO ELETRÔNICO
Identificador uniforme de recurso - URI https://www.scielo.br/j/rca/a/9VXXHjDBZqQGTvfxQ3H45hK/?format=pdf&lang=en

Nenhum exemplar disponível.

BINAGRI

Telefone: (61)3218-2567/2388/3357/2097 - binagri@agro.gov.br

Ministério da Agricultura e Pecuária , Esplanada dos Ministérios, Bloco D, Anexo B, Brasília/DF, CEP: 70.043-900